00510nam a2200157Ia 450000500170000000800410001704100080005808200150006610000280008124500250010926000390013430000090017365000200018299900190020295201310022120250729165726.0250729s2005 xx 000 0 und d akan a900.7 STIK aSteevan Kwadras9231483 aKarnatakada Ithihasa aGadagbVidyanidhi Prakashanac2005 a374p aHistory9231484 c239304d239304 00104070aALbALd2025-07-29eManagement Booksg140.00l0o900.7 STIKpBED04623r2025-07-29 16:57:26v140.00w2025-07-29yBK